000 00234nam a22000857a 4500
008 161108b xxu||||| |||| 00| 0 eng d
100 _91050
_aRamchandran.A.etal.
245 _aMathematics-VIII
260 _aNew Delhi
_bA.B.D. Publications
_c2011
999 _c3705
_d3705